|
|
|
|
| LEADER |
00000nlm0a2200000 4500 |
| 001 |
335747 |
| 005 |
20231102004802.0 |
| 035 |
|
|
|a (RuTPU)RU\TPU\book\362159
|
| 035 |
|
|
|a RU\TPU\book\362155
|
| 090 |
|
|
|a 335747
|
| 100 |
|
|
|a 20171002d2017 k y0rusy50 ca
|
| 101 |
0 |
|
|a rus
|
| 102 |
|
|
|a RU
|
| 105 |
|
|
|a a m 000zy
|
| 135 |
|
|
|a drcn ---uucaa
|
| 181 |
|
0 |
|a i
|
| 182 |
|
0 |
|a b
|
| 200 |
1 |
|
|a Экстракция серебра(I) семикарбазидами в расплаве стеариновой кислоты и его определение в полиметаллических рудах методом твердофазной спектроскопии
|b Электронный ресурс
|e диссертация на соискание ученой степени кандидата химических наук
|e спец. 02.00.02
|f К. С. Тосмаганбетова
|g Евразийский национальный университет им. Л. Н. Гумилева (ЕНУ) ; науч. рук. С. С. Досмагамбетова
|
| 203 |
|
|
|a Текст
|c электронный
|
| 210 |
|
|
|a Астана
|d 2017
|
| 215 |
|
|
|a 1 файл (2 617 KB)
|
| 230 |
|
|
|a Электронные текстовые данные (1 файл : 2 617 KB)
|
| 300 |
|
|
|a Заглавие с титульного экрана
|
| 300 |
|
|
|a Электронная версия печатной публикации
|
| 452 |
|
1 |
|0 (RuTPU)RU\TPU\book\365833
|t Экстракция серебра(I) семикарбазидами в расплаве стеариновой кислоты и его определение в полиметаллических рудах методом твердофазной спектроскопии
|o диссертация на соискание ученой степени кандидата химических наук
|o спец. 02.00.02
|f К. С. Тосмаганбетова
|g Евразийский национальный университет им. Л. Н. Гумилева (ЕНУ), Кафедра химии ; науч. рук. С. С. Досмагамбетова
|c Астана
|n [Б.и.]
|d 2017
|p 137 л.
|a Тосмаганбетова, Кульди Сулейменовна
|
| 606 |
1 |
|
|a Серебро
|x Химический анализ
|2 stltpush
|3 (RuTPU)RU\TPU\subj\75150
|9 87021
|
| 610 |
1 |
|
|a электронный ресурс
|
| 610 |
1 |
|
|a диссертации
|
| 610 |
1 |
|
|a экстракция
|
| 610 |
1 |
|
|a семикарбазид
|
| 610 |
1 |
|
|a расплавы
|
| 610 |
1 |
|
|a стеариновая кислота
|
| 610 |
1 |
|
|a полиметаллические руды
|
| 610 |
1 |
|
|a экстракционные системы
|
| 610 |
1 |
|
|a ионы серебра
|
| 610 |
1 |
|
|a водные растворы
|
| 610 |
1 |
|
|a твердофазная спектроскопия
|
| 675 |
|
|
|a 546.57(04)
|v 3
|
| 686 |
|
|
|a 02.00.02
|2 oksvnk
|
| 700 |
|
1 |
|a Тосмаганбетова
|b К. С.
|g Кульди Сулейменовна
|
| 702 |
|
1 |
|a Досмагамбетова
|b С. С.
|4 727
|
| 712 |
0 |
2 |
|a Евразийский национальный университет им. Л. Н. Гумилева (ЕНУ)
|c (Астана, Казахстан)
|c (2001- )
|2 stltpush
|3 (RuTPU)RU\TPU\col\21215
|
| 801 |
|
2 |
|a RU
|b 63413507
|c 20180110
|g RCR
|
| 856 |
4 |
|
|u http://earchive.tpu.ru/handle/11683/43180
|
| 942 |
|
|
|c CF
|